000 00360cam a22001097a 4500
008 180718b1948 xxu||||| |||| 00| 0 eng d
082 _aBA27x5452 M267
100 _aAiyappan, A.
245 _aReport of the socio-economic conditions of the aboriginal tribes of the province of Madras
_cby A. Aiyappan
260 _aMadras
_bThe government
_c1948
300 _a185+p.
999 _c489085
_d489085